| 000 | 00676nam a2200193 i 4500 | ||
|---|---|---|---|
| 001 | 96111 | ||
| 003 | ES-MaACL | ||
| 005 | 20230906181837.0 | ||
| 007 | t| | ||
| 008 | 050610s1944 sp ||||1| spa d | ||
| 100 | 1 |
_aMaestro, Manuel. _975409 |
|
| 245 | 1 | 4 |
_aLos seguros sociales en España / _c[dirección y texto Manuel Maestro; ilustración y confección Félix Alonso; fotografías Tribaldos]. |
| 260 |
_aMadrid : _bInstituto Nacional de Previsión, _c1944. |
||
| 300 |
_a122 p., 3 h. : _bil. ; _c28 cm. |
||
| 700 | 1 |
_aAlonso, Félix. _920203 |
|
| 700 | 1 |
_aTribaldos. _9111386 |
|
| 710 | 2 |
_aInstituto Nacional de Previsión (España) _95180 |
|
| 852 |
_aES-MaACL _jB-10687 |
||
| 999 |
_c96111 _d96111 |
||